[Event "Challenge"]
[Site "http://www.queenalice.com/game.php?id=306696"]
[Date "2007.11.19"]
[Round "-"]
[White "johnlennon55"]
[Black "mariane"]
[Result "1-0"]
[WhiteElo "1090"]
[BlackElo "1225"]

1. e4 e6 2. Nf3 Nf6 3. c4 Be7 4. b4 O-O 5. e5 Ne8 6. c5 Nc6 7. Ba3 d6 8. cxd6
cxd6 9. exd6 Nxd6 10. g3 Bf6 11. Nc3 Nc4 12. Bxc4 e5 13. b5 Na5 14. Bd3 e4 15.
Bxe4 Nb3 16. axb3 Re8 17. O-O Kh8 18. Nd5 Be7 19. Bb2 Qd6 20. Qc1 f6 21. Ba3 Qd8
22. Qc4 f5 23. Bd3 Bf8 24. Qc7 Qxc7 25. Nxc7 Bd7 26. Nxe8 Rxe8 27. Rfe1 Bxa3 28.
Rxa3 g5 29. Rxa7 Be6 30. Nxg5 Bd5 31. Rxb7 Rxe1+ 32. Bf1 Bxb7 33. b6 Bg2 34.
Kxg2 Re5 35. Nf7+ Kg7 36. Nxe5 Kf6 37. Nd3 Kg5 38. b7 Kg4 39. b8=Q Kh5 40. Ne5
Kg5 41. Qf8 Kh5 42. Qxf5+ Kh6 43. b4 Kg7 44. b5 Kh6 45. Be2 Kg7 46. b6 Kh6 47.
b7 Kg7 48. b8=Q Kh6 49. Ng4+ Kg7 50. Qbf8# 1-0

[Event "Challenge"]
[Site "http://www.queenalice.com/game.php?id=309622"]
[Date "2007.11.25"]
[Round "-"]
[White "manoelconstante"]
[Black "mariane"]
[Result "1-0"]
[WhiteElo "1333"]
[BlackElo "1211"]

1. h4 e6 2. g4 Bc5 3. d4 Bb6 4. e3 Qf6 5. g5 Qf5 6. Qd3 Ne7 7. c3 Ba5 8. Rh3 b6
9. e4 Ba6 10. Qg3 Qxe4+ 11. Ne2 Qd3 12. Qxd3 Bxd3 13. Rxd3 Nd5 14. Bg2 O-O 15.
b4 Nxb4 16. cxb4 Bxb4+ 17. Bd2 a5 18. Bxa8 f5 19. Bxb4 axb4 20. d5 exd5 21. Nd2
f4 22. Rxd5 f3 23. Nd4 Re8+ 24. Kf1 Nc6 25. Bb7 Ne7 26. Rxd7 b3 27. axb3 c5 28.
Ne6 h6 29. gxh6 gxh6 30. Ra8 Kf7 31. Bd5 Rg8 32. Rxe7+ Kxe7 33. Rxg8 Kd6 34. Nf4
Ke5 35. Rf8 Kd4 36. Nxf3+ Kc3 37. Rf6 Kb2 38. Rxh6 Ka2 39. Rxb6 Ka3 40. h5 Kb2
41. h6 Kc1 42. h7 Kd1 43. h8=Q Kc1 44. Qc3+ Kd1 45. Qd2# 1-0

[Event "Challenge"]
[Site "http://www.queenalice.com/game.php?id=310041"]
[Date "2007.11.25"]
[Round "-"]
[White "Catuio"]
[Black "mariane"]
[Result "0-1"]
[WhiteElo "1325"]
[BlackElo "1214"]

1. d4 e6 2. d5 Bc5 3. dxe6 Qf6 4. exf7+ Qxf7 5. e3 Be7 6. b3 Bh4 7. g3 Bg5 8. f4
Bh6 9. Bc4 Qf6 10. Bxg8 Rxg8 11. Qd5 Rf8 12. Nf3 b6 13. Qxa8 Qd8 14. Qxb8 g6 0-1

[Event "Challenge"]
[Site "http://www.queenalice.com/game.php?id=315080"]
[Date "2007.12.5"]
[Round "-"]
[White "spygao"]
[Black "mariane"]
[Result "1-0"]
[WhiteElo "1298"]
[BlackElo "1183"]

1. e4 e6 2. Nf3 c6 3. Nc3 Nf6 4. d3 Qe7 5. Be2 Ng4 6. Bf4 Qc5 7. Be3 Nxe3 8.
fxe3 Qxe3 9. h4 Bd6 10. Rh3 Bc5 11. d4 Bd6 12. Qd3 Qxd3 13. Bxd3 O-O 14. O-O-O
Bf4+ 15. Kb1 Be3 16. Re1 Bxd4 17. Nxd4 c5 18. Ndb5 a6 19. Nd6 c4 20. Bxc4 Nc6
21. Nxc8 Raxc8 22. g4 a5 23. Nb5 Rb8 24. Rf3 Rbe8 25. Nc7 Rc8 26. Na6 Rfe8 27.
Ref1 Ne5 28. Rf4 1-0

[Event "Oi gatinha"]
[Site "http://www.queenalice.com/game.php?id=321584"]
[Date "2007.12.17"]
[Round "-"]
[White "mariane"]
[Black "lucasalex"]
[Result "0-1"]
[WhiteElo "1234"]
[BlackElo "1512"]

1. e3 c5 2. Bc4 d5 3. Bb5+ Bd7 4. Bd3 e5 5. Qe2 c4 6. e4 cxd3 7. cxd3 Nf6 8.
exd5 Bd6 9. Nf3 Qe7 10. O-O Nxd5 11. Nc3 Nf4 12. Qe4 Bc6 13. Qc4 Bxf3 14. gxf3
Qg5+ 15. Kh1 Qg2# 0-1

[Event "Challenge"]
[Site "http://www.queenalice.com/game.php?id=321592"]
[Date "2007.12.17"]
[Round "-"]
[White "hugo10"]
[Black "mariane"]
[Result "1-0"]
[WhiteElo "1381"]
[BlackElo "1221"]

1. e4 e6 2. Nf3 Be7 3. Be2 Nf6 4. O-O Nxe4 5. d3 Nd6 6. b3 O-O 7. Bf4 Nc6 8. d4
e5 9. dxe5 Bg5 10. exd6 Bxf4 11. dxc7 Qe8 12. g3 Bxc7 13. Nh4 Be5 14. c3 a5 15.
Bf3 Ra6 16. Bxc6 Rxc6 17. Qe1 Rc5 18. f4 Bd6 19. Qf2 b6 20. b4 axb4 21. cxb4 Rc1
22. Rxc1 Bxb4 23. Qxb6 Bd2 24. Nxd2 Qe3+ 25. Qxe3 Ba6 26. Qc3 Rc8 27. Qd4 Rb8
28. Nf5 Rb5 29. Qxg7# 1-0

[Event "Challenge"]
[Site "http://www.queenalice.com/game.php?id=323795"]
[Date "2007.12.21"]
[Round "-"]
[White "mariane"]
[Black "shiguer"]
[Result "0-1"]
[WhiteElo "1206"]
[BlackElo "1725"]

1. e3 e5 2. Bc4 d5 3. Bb5+ c6 4. Ba4 Nf6 5. Nf3 Bd6 6. O-O e4 7. Nd4 Bg4 8. f3
exf3 9. gxf3 Bh3 10. Rf2 Nh5 11. b3 Qg5+ 12. Kh1 Ng3+ 13. hxg3 Qxg3 14. Qe1 Bg2+
15. Rxg2 Qxe1+ 16. Rg1 Qh4+ 17. Kg2 b5 18. Nxc6 bxa4 19. bxa4 Nxc6 20. Rh1 Qg3+
21. Kf1 Qxf3+ 22. Kg1 Bg3 23. Rh2 Bxh2+ 24. Kxh2 O-O-O 25. Nc3 h5 26. Rb1 h4 27.
Nd1 h3 28. Nf2 Qg2# 0-1

[Event "Challenge"]
[Site "http://www.queenalice.com/game.php?id=324637"]
[Date "2007.12.23"]
[Round "-"]
[White "rigler8"]
[Black "mariane"]
[Result "1-0"]
[WhiteElo "1458"]
[BlackElo "1198"]

1. e4 e6 2. d4 Nc6 3. d5 exd5 4. exd5 Nce7 5. c4 Nf6 6. Nc3 Nfg8 7. Nf3 Ng6 8.
Bg5 f6 9. Bh4 Qe7+ 10. Be2 a5 11. Nb5 Ra6 12. Nxc7+ Kd8 13. Nxa6 bxa6 14. g3
Qb4+ 15. Kf1 Qxb2 16. a4 Ba3 17. Rb1 Qa2 18. g4 Bb7 19. Rxb7 Bb2 20. c5 N8e7 21.
d6 Nc8 22. Kg2 Re8 23. Re1 Nxh4+ 24. Nxh4 Re6 25. f4 Bc3 26. f5 Re7 27. dxe7+
Kxe7 28. Qxd7+ Kf8 29. Qxc8# 1-0

[Event "Challenge"]
[Site "http://www.queenalice.com/game.php?id=327544"]
[Date "2007.12.29"]
[Round "-"]
[White "emilio2100"]
[Black "mariane"]
[Result "1-0"]
[WhiteElo "1772"]
[BlackElo "1223"]

1. e4 e6 2. d4 d6 3. c4 c6 4. Nf3 Qa5+ 5. Nc3 Nf6 6. Bd3 h5 7. O-O Ng4 8. h3 Nf6
9. Bd2 g5 10. e5 dxe5 11. Nxe5 Nbd7 12. Ne4 Qb6 13. Nxd7 Nxd7 14. Bc3 Rg8 15.
Qxh5 Rb8 16. Nxg5 Qd8 17. Qxf7# 1-0

[Event "Challenge"]
[Site "http://www.queenalice.com/game.php?id=328824"]
[Date "2007.12.31"]
[Round "-"]
[White "mariane"]
[Black "kelton"]
[Result "0-1"]
[WhiteElo "1172"]
[BlackElo "1627"]

1. e3 d5 2. Bd3 e5 3. Nf3 Nc6 4. O-O Bg4 5. Nc3 Bxf3 6. Qxf3 Nf6 7. Bf5 e4 8.
Qf4 Bd6 9. Qh4 Qe7 10. b4 Bxb4 11. Rb1 Qe5 12. Bxe4 dxe4 13. Qg3 Qe7 14. a3 Bd6
15. Qh4 O-O 16. Rb3 a5 17. Rxb7 Nd8 18. Rb5 c5 19. Rb6 c4 20. Qg5 Ne6 21. Qh4
Bc5 22. Rb5 a4 23. Nxa4 Rxa4 24. Qg3 Bd6 25. Qh3 Nc5 26. Rb6 Ncd7 27. Rb5 Bxa3
28. Rf5 Nc5 29. f3 Ncd7 30. c3 g6 31. Rg5 exf3 32. gxf3 Nc5 33. f4 Nb3 34. Qg3
Bxc1 35. Qg2 Bxd2 36. h3 Qxe3+ 37. Kh2 Qxc3 38. Rf2 Qd4 39. Rg3 Bxf4 40. Rf3 Bd2
41. h4 Qxh4+ 42. Kg1 Nd5 43. Rf2 c3 44. Rh3 Qc4 0-1

[Event "Challenge"]
[Site "http://www.queenalice.com/game.php?id=330461"]
[Date "2008.1.4"]
[Round "-"]
[White "mariane"]
[Black "gasparzinho"]
[Result "0-1"]
[WhiteElo "1209"]
[BlackElo "1535"]

1. e3 e5 2. Bc4 d5 3. Bb3 Qf6 4. Nf3 Be6 5. Qe2 e4 6. O-O Bg4 7. Qb5+ Nc6 8.
Qxb7 Rd8 9. Qxc7 exf3 10. Rd1 fxg2 11. Ba4 Bd7 12. d4 Bd6 13. Qb7 Rb8 14. Qa6
Nb4 15. Qxa7 Kd8 16. Bxd7 Qf3 17. a4 Qxd1+ 18. Kxg2 Nf6 19. Bb5 Qg4+ 20. Kf1
Nxc2 21. Ra2 Bxh2 22. Bd3 Nb4 23. Ra3 Qd1+ 24. Kg2 Qg1+ 25. Kf3 Qg4# 0-1

[Event "Challenge"]
[Site "http://www.queenalice.com/game.php?id=330462"]
[Date "2008.1.4"]
[Round "-"]
[White "gasparzinho"]
[Black "mariane"]
[Result "0-1"]
[WhiteElo "1402"]
[BlackElo "1204"]

1. e4 e6 2. d4 c5 3. dxc5 Bxc5 4. a3 Qf6 5. Nh3 Bb6 6. c3 Qe7 7. Nd2 Qc5 8. Nb3
Qc7 9. Qf3 Qd6 10. Ng5 a5 11. Qxf7+ Kd8 12. Bf4 Qe7 13. Rd1 Qxf7 14. Nxf7+ Ke8
15. Nxh8 Nc6 16. Bb5 g6 17. O-O Nge7 18. a4 Rb8 19. Rd3 Nd8 20. Bxb8 Ng8 21.
Rfd1 Ne7 22. Rd6 Nf7 23. Bxd7+ Bxd7 24. Nxf7 Kxf7 25. Rxb6 Nc8 26. Rxd7+ Kf6 27.
Nd4 Nxb6 28. e5+ Kg5 0-1

[Event "Challenge"]
[Site "http://www.queenalice.com/game.php?id=330999"]
[Date "2008.1.5"]
[Round "-"]
[White "MRocha"]
[Black "mariane"]
[Result "1-0"]
[WhiteElo "1634"]
[BlackElo "1213"]

1. e4 e6 2. Nc3 Bc5 3. Nf3 c6 4. d4 Bb6 5. Be3 Nf6 6. e5 Nh5 7. Bd3 O-O 8. O-O
a5 9. Be2 c5 10. dxc5 Ba7 11. Qd3 b5 12. Ng5 h6 13. Qh7# 1-0

[Event "olha so que coisa mais linda!"]
[Site "http://www.queenalice.com/game.php?id=331001"]
[Date "2008.1.5"]
[Round "-"]
[White "Kleber_Willian"]
[Black "mariane"]
[Result "1-0"]
[WhiteElo "1682"]
[BlackElo "1211"]

1. e4 e6 2. Nf3 Nf6 3. d3 Bc5 4. Qe2 O-O 5. d4 Bb4+ 6. c3 Ba5 7. e5 Ne8 8. Ng5
h6 9. Nh3 d6 10. Qg4 c6 11. Bxh6 Bb6 12. Bf4 dxe5 13. Bxe5 Qd5 14. Bd3 a6 15.
Qh5 Nf6 16. Qh4 Bd8 17. Bxf6 b6 18. Qh7# 1-0

[Event "Challenge"]
[Site "http://www.queenalice.com/game.php?id=336577"]
[Date "2008.1.14"]
[Round "-"]
[White "mariane"]
[Black "rigler8"]
[Result "0-1"]
[WhiteElo "1204"]
[BlackElo "1452"]

1. e3 e5 2. Bc4 d5 3. Bb3 Nf6 4. Ba4+ c6 5. Nf3 e4 6. Nd4 b5 7. Bb3 Nbd7 8. O-O
a6 9. a4 c5 10. Ne2 c4 11. Ba2 bxa4 12. Nbc3 Nc5 13. Rb1 Bd6 14. b4 Ne6 15. Rb2
a3 16. Rb1 Ng4 17. Qe1 Qh4 18. f3 Qxh2# 0-1

[Event "Challenge"]
[Site "http://www.queenalice.com/game.php?id=339810"]
[Date "2008.1.21"]
[Round "-"]
[White "mariane"]
[Black "klebert_jordan"]
[Result "0-1"]
[WhiteElo "1190"]
[BlackElo "1459"]

1. e3 e5 2. Bc4 Nf6 3. Nf3 Ne4 4. Ng1 Nd6 5. Bb3 Be7 6. Qe2 Bf8 7. Nf3 Nc6 8.
O-O Nb4 9. Nc3 Nf5 10. Qc4 d5 11. Nxd5 Nxd5 12. Qxd5 Nd6 13. Qxe5+ Qe7 14. a3
Bg4 15. Qxe7+ Bxe7 16. h3 Bf5 17. c4 c5 18. Ne5 f6 19. Nf3 Bd3 20. Re1 Bxc4 21.
Bc2 O-O 22. a4 a5 23. Ra3 g5 24. Rc3 b6 25. b3 Bd5 26. Rd3 h6 27. Bb2 Bxf3 28.
gxf3 Rae8 29. Kf1 Nf5 30. Ke2 Nh4 31. Rg1 Nf5 32. Rg4 Kh8 33. Ba3 h5 34. Rg2 Nh4
35. Rg3 Nf5 36. Rg2 h4 37. Bb1 Nd6 38. Bb2 Nf5 39. Rg4 Nh6 40. Rg2 Nf5 41. Bc3
Kg8 42. b4 axb4 43. Ba2+ Kg7 44. Bb2 Ra8 45. Be6 Nd6 0-1

[Event "Challenge"]
[Site "http://www.queenalice.com/game.php?id=351679"]
[Date "2008.2.9"]
[Round "-"]
[White "mg23campos"]
[Black "mariane"]
[Result "1-0"]
[WhiteElo "1558"]
[BlackElo "1228"]

1. e4 e6 2. d4 Bd6 3. Nf3 Nf6 4. Nc3 O-O 5. h4 h6 6. h5 Nc6 7. g4 Nxg4 8. Rg1
Nf6 9. Bxh6 a5 10. Bxg7 Ra7 11. Bxf6+ 1-0

[Event "Challenge"]
[Site "http://www.queenalice.com/game.php?id=351680"]
[Date "2008.2.9"]
[Round "-"]
[White "mariane"]
[Black "mg23campos"]
[Result "0-1"]
[WhiteElo "1192"]
[BlackElo "1530"]

1. e4 e5 2. Bc4 Nc6 3. Qf3 Nh6 4. Qh5 g6 5. Qh3 d6 6. Qf3 Qe7 7. Ne2 Na5 8. Bd3
Bg7 9. O-O O-O 10. a3 Qh4 11. Ra2 Ng4 12. Rd1 Qxh2+ 0-1